| 000 | 00867cab a2200217 4500 | ||
|---|---|---|---|
| 001 | WB3509-35 | ||
| 008 | 090401t1999 xxu||||| |||| 00| 0 eng d | ||
| 035 | _a(Sirsi) u91686 | ||
| 041 | _aeng | ||
| 245 | _aOmbudsman praises leaseholder guidance | ||
| 260 | _c1999 | ||
| 350 | _a0 | ||
| 490 |
_aHousing Today _v25 February 1999, 3(1) |
||
| 520 | _aThe Housing Corporation has released new guidelines for the management of leasehold homes, following comments by the Independent Housing Ombudsman Roger Jeffries that the Housing Corporation`s performance standards did not cover leasehold management. | ||
| 650 | _aHOUSING CORPORATION | ||
| 650 | _aINDEPENDENT HOUSING OMBUDSMAN | ||
| 650 | _aPROPERTY-LEASEHOLD PROPERTY | ||
| 690 | _aPROPERTY-RESIDENTIAL PROPERTY-RESIDENTIAL LANDLORD AND TENANT-RESIDENTIAL TENANCIES | ||
| 942 | _n0 | ||
| 948 | _c02/03/1999 | ||
| 999 |
_c58205 _d58205 |
||